Textbook of Biochemistry & Biophysics for Post Basic BSc Nursing Students (Record no. 366896)

MARC details
000 -LEADER
fixed length control field 00368nam a22001337a 4500
005 - DATE AND TIME OF LATEST TRANSACTION
control field 20250602142627.0
008 - FIXED-LENGTH DATA ELEMENTS--GENERAL INFORMATION
fixed length control field 250602b |||||||| |||| 00| 0 eng d
041 ## - LANGUAGE CODE
Language code of text/sound track or separate title English
100 ## - MAIN ENTRY--PERSONAL NAME
Author Tiwari Sheela
245 ## - TITLE STATEMENT
Title Textbook of Biochemistry & Biophysics for Post Basic BSc Nursing Students
260 ## - PUBLICATION, DISTRIBUTION, ETC.
Name of publisher, distributor, etc. CBS Publishers
365 ## - TRADE PRICE
Price amount Rs. 595.00
942 ## - ADDED ENTRY ELEMENTS (KOHA)
Koha item type Donated Book

No items available.